संचार माध्यम लेखन (Record no. 3111)

MARC details
000 -LEADER
fixed length control field 01017 a2200217 4500
005 - DATE AND TIME OF LATEST TRANSACTION
control field 20080911110548.0
008 - FIXED-LENGTH DATA ELEMENTS--GENERAL INFORMATION
fixed length control field 080911t xxu||||| |||| 00| 0 hin d
010 ## - LIBRARY OF CONGRESS CONTROL NUMBER
LC control number HIN-79609
020 ## - INTERNATIONAL STANDARD BOOK NUMBER
International Standard Book Number 8181435907
Terms of availability 125.00
035 ## - SYSTEM CONTROL NUMBER
System control number HN-51955
037 ## - SOURCE OF ACQUISITION
Source of stock number/acquisition D.B.Act / pub
082 ## - DEWEY DECIMAL CLASSIFICATION NUMBER
Classification number 384.5
100 ## - MAIN ENTRY--PERSONAL NAME
Personal name रैना, गौरीशंकर
245 ## - TITLE STATEMENT
Title संचार माध्यम लेखन
Statement of responsibility, etc गौऱीशंकर रैणा
246 ## - VARYING FORM OF TITLE
Title proper/short title Sanchar madhyamlakhan
Remainder of title Gaurishankar Raina
260 ## - PUBLICATION, DISTRIBUTION, ETC. (IMPRINT)
Place of publication, distribution, etc नई दिल्ली
Name of publisher, distributor, etc वाणी प्रकाशन
Date of publication, distribution, etc 2006
270 ## - ADDRESS
Address 21-ए, दरियागंज,
City नई दिल्ली
Postal code 110002
300 ## - PHYSICAL DESCRIPTION
Extent 119पृ
Dimensions 22 सेमी (सजिल्द)
942 ## - ADDED ENTRY ELEMENTS (KOHA)
Institution code [OBSOLETE] dpl
Koha item type Hindi Books
Call number prefix 384.5 / रैणागौ
Source of classification or shelving scheme Dewey Decimal Classification
Classification part 384.5
Call number suffix रैणागौ
Holdings
Withdrawn status Lost status Damaged status Not for loan Home library Current library Date acquired Cost, normal purchase price Total Checkouts Full call number Barcode Date last seen Copy number Uniform Resource Identifier Cost, replacement price Price effective from Koha item type
        D.B.Act.Division D.B.Act.Division 11/09/2008 125.00   384.5 रैणागौ HN-51955 15/09/2008 1 3310 125.00 15/09/2008 Hindi Books

© Delhi Public Library
Hit Counter
free hit counter